| 000 | 01247nam a22003377a 4500 | ||
|---|---|---|---|
| 003 | CHAP | ||
| 005 | 20220329134047.0 | ||
| 008 | 971013s1962 r 00010 d | ||
| 010 | _a14805 | ||
| 011 | _a15777 | ||
| 035 | _a19854 | ||
| 040 | _cCHAP | ||
| 082 |
_a338.1735 _bB45 |
||
| 100 | 0 | 0 |
_aBenítez, Fernando. _911666 |
| 245 | _aKi ; el drama de un pueblo y de una planta | ||
| 260 |
_aMéxico, D. F. : _bFondo de Cultura Económica, _c1962 |
||
| 300 | _a243 p. láms. | ||
| 590 |
_aBATCH-UPD _b10 _c20130110 _lUCH01 _h1321 |
||
| 590 |
_aBATCH-UPD _b10 _c20130410 _lUCH01 _h0830 |
||
| 590 |
_aBATCH-UPD _b10 _c20130914 _lUCH01 _h1606 |
||
| 590 |
_aCONVERSION _b10 _c20130109 _lUCH01 _h1309 |
||
| 650 | 1 | 4 |
_aHenequén _xAspectos económicos _xYucatán. _953570 |
| 650 | 1 | 4 |
_aYucatán _xCondiciones económicas. _9123315 |
| 650 | 1 | 4 |
_aYucatán _xCondiciones sociales. _9123317 |
| 901 | _aBK | ||
| 942 | _cLIBRO | ||
| 949 |
_a338.1735 B45 _bBC _cLIBRO _d33724000111522 _eLIBRO _h17864 _i19854 _si |
||
| 949 |
_a338.1735 B45 _bBC _cLIBRO _d33724000111530 _eLIBRO _fc.4 _h45306 _i19854 _si |
||
| 949 |
_a338.1735 B45 _bBC _cLIBRO _d33724000111548 _eLIBRO _fc.5 _h45307 _i19854 _si |
||
| 949 |
_a338.1735 B45 _bBC _cLIBRO _d33724002175629 _eLIBRO _fc.2 _h112724rep. _i19854 _sb |
||
| 999 |
_c14805 _d14805 |
||